000
00276nam a2200097Ia 4500
008
120527s9999 xx 000 0 und d
100
_a
AKINYELE,K.David
245
_a
Principles of practice of management in healthcare services.
260
_b
Health teams member in
942
_c
BK
999
_c
23597
_d
23597